Historyja literatury polskiej w zarysach K. Wł. Wóycickiego. (Rekord nr 27825)
| 000 -Nagłówek | |
|---|---|
| fixed length control field | 00925cam a2200265 i 4500 |
| 001 - Nr kontrolny bibl., która utworzyła rek. | |
| control field | zz2007934261 |
| 003 - Siglum bibl., której nr kontr. jest w 001 | |
| control field | NUKAT |
| 005 - Data i czas ostatniej operacji | |
| control field | 20260427230015.0 |
| 008 - Elementy pola stałej długości | |
| fixed length control field | 071205s1846 pl |001 0 pol c |
| 035 ## - Systemowy numer kontrolny | |
| systemowy numer kontrolny | (OCoLC)750013843 |
| 035 ## - Systemowy numer kontrolny | |
| systemowy numer kontrolny | (NUKAT)zz2007934261 |
| 040 ## - Instytucja sporządzająca opis | |
| Instytucja, która sporządziła opis | KR 295/DR |
| Instytucja, która sporządziła rekord | KR 295/DR |
| Instytucja, która zmodyfikowała rekord | KR 295/BW |
| -- | KAT U/JPs |
| 100 1# - Hasło główne-nazwa osobowa | |
| Nazwa osobowa | Wójcicki, Kazimierz Władysław |
| Daty biograficzne | (1807-1879). |
| 9 (RLIN) | 6310 |
| 245 10 - Tytuł właściwy i oznaczenie odpow. | |
| tytuł | Historyja literatury polskiej w zarysach K. Wł. Wóycickiego. |
| numer części/sekcji pracy | T. 4. |
| 246 3# - Inne formy tytułu, wariant tytułu | |
| tytuł | Historia literatury polskiej w zarysach |
| 260 ## - Adres wydawniczy | |
| miejsce wydania, dystrybucji itp. | Warszawa : |
| nazwa wydawcy, dystrybutora itp. | nakł. Gustawa Sennewald, |
| data wydania, dystrybucji itp. | 1846. |
| 300 ## - Opis fizyczny | |
| objętość i/lub forma materiału | [8], 532, VI s. ; |
| format | 23 cm. |
| 336 ## - Content Type | |
| Term | Tekst |
| Code | txt |
| Source | rdacontent |
| 337 ## - Media Type | |
| Term | Bez urządzenia pośredniczącego |
| Code | n |
| Source | rdamedia |
| 338 ## - Carrier Type | |
| Term | Wolumin |
| Code | nc |
| Source | rdacarrier |
| 504 ## - Uwaga o bibliografii | |
| uwaga o bibliografii | Indeks. |
| 510 4# - Uwaga o cytowaniu lub źródłach opisu bibliogr. | |
| nazwa źródła | Estr. |
| lokaliz. opracowania w źródle | cz. I, T. 5, s. 132. |
| 650 #7 - Hasło przedmiotowe-nazwa pospolita | |
| nazwa pospolita lub geogr. | Literatura polska |
| określnik rzeczowy | historia i krytyka. |
| źródło hasła | kaba |
| 9 (RLIN) | 351 |
| 942 ## - ADDED ENTRY ELEMENTS (KOHA) | |
| Source of classification or shelving scheme | Dewey Decimal Classification |
| Koha item type | pozycje dostępne na miejscu |
| Status wycofania | Status zagubienia | Klasyfikacja | Status uszkodzenia | Blokada wypożyczeń | Kolekcja | Lokalizacja macierzysta | Lokalizacja bieżąca | Data nabycia | Numer akcesji | Źródło akcesji | Nr inwentarzowy | il. wypożyczeń | Sygnatura | Kod kreskowy | Date last seen | Price effective from | Typ egz. |
|---|---|---|---|---|---|---|---|---|---|---|---|---|---|---|---|---|---|
| Dewey Decimal Classification | nieuszkodzona | Pracownia Badań Księgozbiorów Historycznych | Biblioteka Instytutu Północnego w Olsztynie | Pracownia Badań Księgozbiorów Historycznych | 27/04/2026 | W-52/1965 | wymiana | 16282 | 16282 | IPWK16706 | 27/04/2026 | 27/04/2026 | pozycje dostępne na miejscu |